书目信息 |
| 题名: |
中国民间长诗选
|
|
| 作者: | ;上海文艺出版社 编 | |
| 分册: | 第一集 | |
| 出版信息: | 上海 上海文艺出版社 1980.06 |
|
| 页数: | 644页 | |
| 开本: | 20cm | |
| 丛书名: | 中国民间文学作品选编 | |
| 单 册: | ||
| 中图分类: | I277.2 | |
| 科图分类: | ||
| 主题词: | 民间文学--中国 | |
| 电子资源: | ||
| ISBN: | ||
| 000 | 00683nam0 2200229 45 | |
| 001 | 0302171458 | |
| 005 | 20060812110615.34 | |
| 010 | @dCNY2.15 | |
| 091 | @a10078.3080 | |
| 100 | @a20030217d1980 km y0chiy0120 ea | |
| 101 | 0 | @achi |
| 105 | @a z 000gy | |
| 200 | 1 | @a中国民间长诗选@AZhong Guo Min Jian Chang Shi Xuan@h第一集@f本社编@FBenShe Bian |
| 210 | @a上海@c上海文艺出版社@d1980.06 | |
| 215 | @a644页@d20cm | |
| 225 | @a中国民间文学作品选编 | |
| 410 | @12001 @a中国民间文学作品选编 | |
| 606 | 0 | @a民间文学@x中国 |
| 690 | @aI277.2@v3 | |
| 711 | 02 | @a上海文艺出版社@AShang Hai Wen Yi Chu Ban She@4编 |
| 801 | @aCN@bTSTC@c20060812 | |
| 905 | @dI277.2@e15:1@f4@b34243-246 | |
| 中国民间长诗选.第一集/本社编.-上海:上海文艺出版社,1980.06 |
| 644页;20cm.-(中国民间文学作品选编) |
| ISBN :CNY2.15 |
| ● |
| 相关链接 |
|
|
|
|
正题名:中国民间长诗选
索取号:I277.2/15:1
 
预约/预借
| 序号 | 登录号 | 条形码 | 馆藏地/架位号 | 状态 | 备注 |
| 1 | 0034243 | 000038729 | 密集书库/ [索取号:I277.2/15:1] | 在馆 | |
| 2 | 0034244 | 000038710 | 密集书库/ [索取号:I277.2/15:1] | 在馆 | |
| 3 | 0034245 | 000038747 | 密集书库/ [索取号:I277.2/15:1] | 在馆 | |
| 4 | 0034246 | 000038738 | 第一样本阅览室/ [索取号:I277.2/15:1] | 在馆 | |
| 5 | 0034247 | 001735652 | 密集书库/ [索取号:I277.2/15:1] | 在馆 | |
| 6 | 0451313 | 204513133 | 密集书库/ [索取号:I277.2/15:1] | 在馆 | |
| 7 | 0451314 | 204513142 | 密集书库/ [索取号:I277.2/15:1] | 在馆 |